| 000 | 01505nam0a2200337 4500 | ||
|---|---|---|---|
| 001 | RU\NLR\bibl\1295917 | ||
| 005 | 20260407135347.0 | ||
| 010 |
_a978-5-7057-1953-2 _915000 |
||
| 021 |
_aRU _b2008-74706 _94297 |
||
| 035 | _a(NLR Aleph) 001281544 | ||
| 090 |
_a502198 _c502198 |
||
| 100 | _a20081119d2008 |||y0rusy50 ca | ||
| 101 | 0 | _arus | |
| 102 | _aRU | ||
| 105 | _aa ||||||||| | ||
| 200 | 1 |
_aМировая художественная культура _e10-11 классы _eрусская культура IX-XVII веков. Русская культура XVIII-XIX веков _fИзд-во "Учитель" _gавт.-сост.: Т.И. Бименова |
|
| 210 |
_aВолгоград _cУчитель _d2008 (макет 2009) |
||
| 215 |
_a173 с. _cил., портр. _d22 |
||
| 225 | 1 | _aЭлективные курсы | |
| 225 | 1 | _aПрофильное образование | |
| 320 | _aБиблиогр.: с. 171 (7 назв.) | ||
| 606 | 1 |
_a"Мировая художественная культура", курс _xПреподавание _xСредняя школа _92501860 _3RU\NLR\auth\661483794 |
|
| 686 | _aЧ426.66-1 | ||
| 702 | 1 |
_aБименова _bТ. И. _gТатьяна Ивановна _4220 |
|
| 712 | 0 | 2 |
_4570 _a"Учитель", издательство _cВолгоград _3RU\NLR\AUTH\8810004275 _9505853 |
| 801 | 0 |
_aRU _bNLR _c20081119 _gRCR |
|
| 801 | 1 |
_aRU _bNLR _c20081119 |
|
| 830 | _aСост. по кн. | ||
| 942 | _cBOOK | ||
| 980 | _aNB | ||